000 00793nam a2200229Ia 4500
003 OSt
005 20220923225318.0
006 a|||||r|||| 00| 0
007 ta
008 220922b |||||||| |||| 00| 0 hin d
024 _a263,020
037 _cTextual
040 _aARTS
_cARTS
_bhin
041 _2hin
_ahin
082 _aND44,9(Q20j3), 152N0
100 _aश्रीवास्तव, पंकजलता
245 0 _aहिन्दू तथा जैन प्रतिमा विज्ञान
246 _aHindū tathā jain pratimā vijnyāna
260 _aलखनउ
_b सुलभ प्रकाशन
_c1990
942 _hND44,9(Q20j3), 152N0
_cTEXL
_2CC
999 _c377489
_d377489